00738 a2200253 4500003000400000005001700004008004100021010001700062020001500079020001800094035002300112040000600135082001000141100002000151245009700171250001200268260006100280300004500341650001300386650002300399650001600422650001700438700002900455OSt20180116192353.0120601t xxu||||| |||| 00| 0 eng d a 2005968968 a0534613934 a9780534613938 a(OCoLC)ocm68002168 c0 a745.41 aZelanski, Paul.10aShaping space :bthe dynamics of three-dimensional design /cPaul Zelanski, Mary Pat Fisher. a3rd ed. aAustralia ;aUnited States :bThomson Wadsworth,cc2007. aix, 278 p. :bill. (some col.) ;c23 cm.10aDesign. 10aVisual perception.10aSpace (Art)10aRelief (Art)1 aFisher, Mary Pat,d1943-